Holiday Quiz

Random Holiday or Christmas Quiz

Profile: The Grinch Quiz Stats

 Plays Quiz Updated Aug 28, 2018

Challenge
Share
Tweet
Embed
Score 0/25 Timer 06:00
0 Plays Today
Hint Answer % Correct
The day he hates more than any otherChristmas
99.4%
He lives next to this townWho-ville
92.5%
To stop Christmas from coming, the Grinch dressed like this personSanty Claus
91.3%
Some say this was two sizes too smallHis heart
90.8%
He dressed his dog like thisReindeer
89.5%
In this kind of dwellingCave
83.3%
But instead of crying in the town, the Grinch heard thisSinging
80.7%
What happened then? They say the Grinch's heart grew ____ sizes that daythree
80.4%
All he left was a crumb that was even too small forA mouse
80.3%
He was getting ready to shove this up the chimbleyChristmas tree
79.7%
Story written byDr. Seuss
72.3%
What he specifically hates about Christmas (name one)Noise, Feasting, Singing
71%
Full name of the storyHow the Grinch Stole Christmas!
70.4%
Hint Answer % Correct
When he was caught red-handed byCindy-Lou Who
70.3%
Who got out of bed forA cup of cold water
68.9%
Portrayed on the big screen in 2000 byJim Carrey
67.3%
Food he stole (name one)Who-hash, Who-pudding, Roast Beast
65.1%
He lied to her by telling her he'd fix thisA light that won't light on one side
64.4%
When he brought back the toys and the food for the feast, he himself carved thisRoast beast
62.1%
With a dog namedMax
61.7%
Song sung by Thurl Ranvenscroft for the TV special'You're a Mean One, Mr. Grinch'
42.2%
First published in this year1957
36.6%
After packing his sled, he took it to this hilltop to dump itMt. Crumpit
28.4%
Dumbfounded, he puzzled three hours till this was soreHis puzzler
27.3%
The last thing he took wasLog for the fire
25.6%

You're not logged in!

Compare scores with friends on all Sporcle quizzes.
Join for Free
OR
Log In

You Might Also Like...

Show Comments

Extras

Top Quizzes Today


Score Distribution

Your Account Isn't Verified!

In order to create a playlist on Sporcle, you need to verify the email address you used during registration. Go to your Sporcle Settings to finish the process.

Report this User

Report this user for behavior that violates our Community Guidelines.

Details: